| 000 | 00890nab a2200241u 4500 | ||
|---|---|---|---|
| 001 | 12064 | ||
| 003 | HDC | ||
| 007 | c| |||a|c|aaaa | ||
| 008 | 210208b99999999my ||||o |||| 00| 0 may d | ||
| 040 | _aHDC | ||
| 100 |
_aDaurina Lestari / _eauthor _912445 |
||
| 245 | 0 |
_aRI Masuk 5 Besar Pengekspor Busana Muslim Terbesar Dunia : _bIndustri berbasis halal RI nomor 10 di dunia, Malaysia nomor satu./ _cDaurina Lestari |
|
| 336 |
_atext _2rdacontent |
||
| 337 |
_acomputer _2rdamedia |
||
| 338 |
_aonline resource _2rdacarrier |
||
| 650 |
_aKomite Ekonomi dan Industri Nasional (KEIN), _912447 |
||
| 650 |
_aMuslim fashion _912446 |
||
| 710 | _aVIVAnews | ||
| 856 | _zRequest full-text at [email protected] | ||
| 942 | _2lcc | ||
| 942 | _cNEWS | ||
| 942 | _kNWS0 000993 | ||
| 999 |
_c9387 _d9387 |
||